Witamy w Bibliotece Naukowej Instytutu Łączności!

Dotyczy PN-EN 55014-1:2007 - Kompatybilność elektromagnetyczna - Wymagania dotyczące przyrządów powszechnego użytku, narzędzi elektrycznych i podobnych urządzeń - Część 1: Emisja = (Rekord nr 21626)

000 -LEADER
fixed length control field 00438 a2200085 4500
003 - CONTROL NUMBER IDENTIFIER
control field WA 310
005 - DATE AND TIME OF LATEST TRANSACTION
control field 20211215140851.0
008 - FIXED-LENGTH DATA ELEMENTS--GENERAL INFORMATION
fixed length control field 211215s2010 pl |||f u||| 000 0 eng d
020 ## - INTERNATIONAL STANDARD BOOK NUMBER
International Standard Book Number 9788325196110
040 ## - CATALOGING SOURCE
Original cataloging agency WA 310
Transcribing agency WA 310
041 ## - LANGUAGE CODE
Language code of text/sound track or separate title eng
Language code of original and/or intermediate translations of text pol
245 00 - TITLE STATEMENT
Title Dotyczy PN-EN 55014-1:2007 - Kompatybilność elektromagnetyczna - Wymagania dotyczące przyrządów powszechnego użytku, narzędzi elektrycznych i podobnych urządzeń - Część 1: Emisja =
Remainder of title Electromagnetic compatibility - Requirements for household appliances, electric tools and similar apparatus - Part 1: Emission PN-EN 55014-1:2007/A1:2010E /
Statement of responsibility, etc KT nr 104.
246 13 - VARYING FORM OF TITLE
Title proper/short title PN-EN 55014-1:2007/A1
246 13 - VARYING FORM OF TITLE
Title proper/short title ICS 33.100.10
246 13 - VARYING FORM OF TITLE
Title proper/short title Zmiana do Polskiej Normy
246 31 - VARYING FORM OF TITLE
Title proper/short title Electromagnetic compatibility - Requirements for household appliances, electric tools and similar apparatus - Part 1: Emission
260 ## - PUBLICATION, DISTRIBUTION, ETC. (IMPRINT)
Place of publication, distribution, etc Warszawa :
Name of publisher, distributor, etc PKN,
Date of publication, distribution, etc 2010.
300 ## - PHYSICAL DESCRIPTION
Extent 30 stron ;
Dimensions 30 cm.
336 ## - TYP ZAWARTOŚCI
Typ zawartosci rdacontent
-- Tekst
-- txt
337 ## - TYP MEDIUM
Typ medium rdamedia
-- Bez urządzenia pośredniczącego
-- n
338 ## - TYP NOŚNIKA
Typ nosnika rdacarrier
-- Wolumin
-- nc
500 ## - GENERAL NOTE
General note Wprowadza EN 55014-1:2006/A1:2009, IDT ; Zatwierdzona 28 stycznia 2010 r.
500 ## - GENERAL NOTE
General note Zmiana do Normy Europejskiej EN 55014-1:2006/A1:2009 […] ma status Zmiany do Polskiej Normy.
590 ## - LOCAL NOTE (RLIN)
Linkage (RLIN) Status: wycofana.
710 ## - ADDED ENTRY--CORPORATE NAME
9 (RLIN) 1107
Corporate name or jurisdiction name as entry element Polska.
Subordinate unit Polski Komitet Normalizacyjny.
920 ## - ISBN
ISBN 978-83-251-9611-0
942 ## - ADDED ENTRY ELEMENTS (KOHA)
Source of classification or shelving scheme
Koha item type Książki
Egzemplarze
Withdrawn status Lost status Source of classification or shelving scheme Damaged status Not for loan Permanent Location Current Location Shelving location Date acquired Inventory number Full call number Barcode Date last seen Price effective from Koha item type Public note
        Nie do wypożyczenia Instytut Łączności Instytut Łączności Księgozbiór Podręczny 2018-01-31 PN-EN 55014-1/A1 (oryg.) PN-EN 55014-1/A1 (oryg.) PN-EN 55014-1/A1 (o) 2018-01-31 2018-01-31 Książki print, wycofana

Działa dzięki Koha